Quản trị Marketing trong thị trường toàn cầu = Marketing management in the global marketplace

Nội dung của quyển sách này nêu lên vai trò tích cực của marketing trong nền kinh tế toàn cầu, phân tích thị trường của người tiêu dùng và hành vi của người mua sắm, thiết lập các chiến lược và các chương trình định giá...

ver descrição completa

Na minha lista:
Detalhes bibliográficos
Autor principal: Dương Hữu Hạnh
Formato: Livro
Idioma:Vietnamese
Publicado em: H. Lao động - Xã hội 2007
Assuntos:
Tags: Adicionar Tag
Sem tags, seja o primeiro a adicionar uma tag!
Thư viện lưu trữ: Thư viện Trường Đại học Nam Cần Thơ
LEADER 01733nam a22002417a 4500
001 NCT_43494
008 180622b xxu||||| |||| 00| 0 vie d
999 |c 2085  |d 2085 
020 |c 90000 
082 0 4 |2 23rd ed.  |a 658.83  |b H107 
100 1 |a Dương Hữu Hạnh 
245 1 0 |a Quản trị Marketing trong thị trường toàn cầu =  |b Marketing management in the global marketplace  |c Dương Hữu Hạnh 
260 |a H.  |b Lao động - Xã hội  |c 2007 
300 |a 597 tr.  |c 24 cm 
520 3 |a Nội dung của quyển sách này nêu lên vai trò tích cực của marketing trong nền kinh tế toàn cầu, phân tích thị trường của người tiêu dùng và hành vi của người mua sắm, thiết lập các chiến lược và các chương trình định giá 
653 |a Quản trị kinh doanh 
942 |2 ddc  |c BK 
952 |0 0  |1 0  |2 ddc  |4 0  |6 658_830000000000000_H107  |7 0  |9 11572  |a 000001  |b 000001  |d 2018-06-22  |o 658.83 H107  |p MD.06601  |r 2018-06-22  |v 90000.00  |w 2018-06-22  |y BK 
952 |0 0  |1 0  |2 ddc  |4 0  |6 658_830000000000000_H107  |7 0  |9 11573  |a 000001  |b 000001  |d 2018-06-22  |o 658.83 H107  |p MD.06602  |r 2018-06-22  |v 90000.00  |w 2018-06-22  |y BK 
952 |0 0  |1 0  |2 ddc  |4 0  |6 658_830000000000000_H107  |7 0  |9 11574  |a 000001  |b 000001  |d 2018-06-22  |o 658.83 H107  |p MD.06603  |r 2018-06-22  |v 90000.00  |w 2018-06-22  |y BK 
952 |0 0  |1 0  |2 ddc  |4 0  |6 658_830000000000000_H107  |7 0  |9 11575  |a 000001  |b 000001  |d 2018-06-22  |o 658.83 H107  |p MD.06604  |r 2018-06-22  |v 90000.00  |w 2018-06-22  |y BK 
952 |0 0  |1 0  |2 ddc  |4 0  |6 658_830000000000000_H107  |7 0  |9 11576  |a 000001  |b 000001  |d 2018-06-22  |o 658.83 H107  |p MD.06605  |r 2018-06-22  |v 90000.00  |w 2018-06-22  |y BK 
980 |a Thư viện Trường Đại học Nam Cần Thơ